טוען...

Advanced inorganic chemistry

מידע ביבליוגרפי
מחבר ראשי: Cotton, F.A
פורמט: Printed Book
שפה:English
יצא לאור: New York Wiley Eastern 1966
נושאים:
LEADER 00650nam a2200253 a 4500
001 adlib96000001
003 ViArRB
005 20151026131912.0
008 960221s1955 dcuabcdjdbkoqu001 0deng d
020
022
040 |a Adlib 
082 |a 546 
245 |a Advanced inorganic chemistry 
250
260 |a New York  |b Wiley Eastern  |c 1966 
300 |a xii,1136p. 
500 |a   
100 |a Cotton, F.A. 
700
942 |c BK  |6 _ 
653 |a Atoms  |a Non transition elements  |a Transition elements 
999 |c 37703  |d 37703 
952 |0 0  |1 0  |4 0  |6 546_COT  |7 0  |9 49467  |a UL  |b UL  |d 2010-06-16  |o 546 COT  |p 00003535  |r 2010-06-16  |w 2010-06-16  |y BK